Khảo sát hiện trạng khai thác cá sửu Boesemania microlepis (Bleeker, 1858) trên sông Hậu : Luận văn tốt nghiệp cao học ngành Nuôi trồng Thủy sản
Nội dung luận văn nghiên cứu, khảo sát hiện trạng khai thác cá sửu Boesemania microlepis (Bleeker, 1858) trên sông Hậu.
Đã lưu trong:
| Formáid: | Leabhar |
|---|---|
| Teanga: | Undetermined |
| Foilsithe: |
Cần Thơ
Trường Đại học Cần Thơ
2018
|
| Ábhair: | |
| Clibeanna: |
Cuir Clib Leis
Gan Chlibeanna, Bí ar an gcéad duine leis an taifead seo a chlibeáil!
|
| Thư viện lưu trữ: | Trung tâm Học liệu Trường Đại học Cần Thơ |
|---|
| LEADER | 00985nam a2200205Ia 4500 | ||
|---|---|---|---|
| 001 | CTU_227304 | ||
| 008 | 210402s9999 xx 000 0 und d | ||
| 082 | |a 639.21 | ||
| 082 | |b L312 | ||
| 245 | 0 | |a Khảo sát hiện trạng khai thác cá sửu Boesemania microlepis (Bleeker, 1858) trên sông Hậu : | |
| 245 | 0 | |b Luận văn tốt nghiệp cao học ngành Nuôi trồng Thủy sản | |
| 245 | 0 | |c Mai Thanh Lâm ; Mai Văn Viết (cán bộ hướng dẫn) | |
| 260 | |a Cần Thơ | ||
| 260 | |b Trường Đại học Cần Thơ | ||
| 260 | |c 2018 | ||
| 520 | |a Nội dung luận văn nghiên cứu, khảo sát hiện trạng khai thác cá sửu Boesemania microlepis (Bleeker, 1858) trên sông Hậu. | ||
| 650 | |a Freshwater fishes,Cá nước ngọt | ||
| 650 | |x Mekong River Watershed,Lưu vực sông Mê Kông | ||
| 910 | |b dqhieu | ||
| 980 | |a Trung tâm Học liệu Trường Đại học Cần Thơ | ||